Zákon č. .../2002 Z.z. z 9.júla 2002, ktorým sa mení a dopĺňa zákon č. 366/1999 Z.z. ...

Zákon č. .../2002 Z.z. z 9.júla 2002, ktorým sa mení a dopĺňa zákon č. 366/1999 Z.z. o daniach z príjmov v znení neskorších predpisov. Dôvodová správa k novele zákona o daniach z príjmov z 9. júla 2002.

Na minha lista:
Detalhes bibliográficos
Formato: Capítulo de Livro
Idioma:eslovaco
Assuntos:
Tags: Adicionar Tag
Sem tags, seja o primeiro a adicionar uma tag!

MARC

LEADER 00000naa a2200000 4500
001 r046604
005 20230927070539.9
041 0 |a slo 
044 |a SK 
245 1 0 |a Zákon č. .../2002 Z.z. z 9.júla 2002, ktorým sa mení a dopĺňa zákon č. 366/1999 Z.z. ... 
520 |a Zákon č. .../2002 Z.z. z 9.júla 2002, ktorým sa mení a dopĺňa zákon č. 366/1999 Z.z. o daniach z príjmov v znení neskorších predpisov. Dôvodová správa k novele zákona o daniach z príjmov z 9. júla 2002. 
610 2 0 |a dane z príjmov 
610 2 0 |a zákony 
610 2 0 |a správy dôvodové 
610 2 0 |a novelizácia 
610 2 0 |a Slovensko 
610 2 0 |a 2002